| 000 | 00706nam a22002412a 4500 | ||
|---|---|---|---|
| 001 | 27501 | ||
| 003 | BD-RjUL | ||
| 005 | 20211209051149.0 | ||
| 008 | 140325t1960 pk a 000 0beng d | ||
| 035 | _a(BD-RjUL)27575 | ||
| 040 |
_aDLC _cDGW _dSER _dEQO _dBD-RjUL _beng |
||
| 041 | _aeng | ||
| 082 | 0 | 4 |
_a954.7 _bAHM 1960 |
| 100 | 1 |
_aAhmad, Mohammad. _984480 |
|
| 245 | 1 | 0 |
_aMy chief / _cby Mohammad Ahmad |
| 260 |
_aLahore : _bLongmans, _c1960. |
||
| 300 |
_a111 p. : _bill. ; _c22 cm |
||
| 600 | 1 | 0 |
_aAyub Khan, Mohammad, _d1907-1974 _981779 |
| 650 | 0 |
_aGenerals _xPolitical activity _zPakistan _984481 |
|
| 650 | 0 |
_aHeads of state _zPakistan _vBiography _984482 |
|
| 942 |
_2ddc _cBK |
||
| 999 |
_c27501 _d27501 |
||